Statistics for Text Abbreviations

Click here to take the quiz!

General Stats

  • This quiz has been taken 122 times
  • The average score is 16 of 42

Answer Stats

AbbreviationMeaning% Correct
2niteTonight
99%
2moroTomorrow
97%
BRBBe Right Back
94%
BTWBy The Way
94%
LOLLaugh Out Loud
88%
THX, TX, Or THKSThanks
88%
GR8Great
84%
ILYI Love You
84%
L8RLater
76%
JKJust Kidding
73%
BFFBest Friends Forever
69%
NPNo Problem
67%
TTYLTalk To You Later
66%
CYASee Ya
61%
XOXOHugs And Kisses
59%
TMIToo Much Information
57%
IRLIn Real Life
55%
POVPoint Of View
55%
TYVMThank You Very Much
34%
IMHOIn My Humble Opinion
23%
TLCTending Loving Care
22%
NIMBYNot In My Back Yard
19%
B4NBye For Now
18%
OICOh, I See
14%
BCNUBe Seeing You
13%
ISOIn Search Of
8%
LYLASLove You Like A Sister
8%
NUBNew Person To A Site Or Game
7%
SWAKStealed (Or Sent) With A Kiss
6%
OTOff Topic
5%
DBEYRDon't Believe Everything You Read
3%
MHOTYMy Hat's Off To You
3%
RTReal Time
3%
WYWHWish You Were Here
2%
RBTLRead Between The Lines
1%
SOLSooner Or Later
1%
VBGVery Big Grin
1%
WEGWicked Evil Grin
1%
FUDFear, Uncertainty, And Disinformation
0%
FWIWForgot Where I Was
0%
RTMRead The Manual
0%
SITDStill In The Dark
0%

Score Distribution

Percentile by Number Answered

Percent of People with Each Score

Your Score History

You have not taken this quiz